[Event "Vienna State-chC"]
[Site "Vienna"]
[Date "2022.09.24"]
[Round "8"]
[White "Lappe, Manfred"]
[Black "Gerold, Arnold"]
[Result "1/2-1/2"]
[WhiteElo "1692"]
[BlackElo "1708"]
[PlyCount "56"]
[EventDate "2022.09.17"]
[EventType "swiss"]
[EventRounds "9"]
[EventCountry "AUT"]
[SourceTitle "CBM 210 Extra"]
[Source "ChessBase"]
[SourceDate "2022.11.30"]
[SourceVersion "1"]
[SourceVersionDate "2022.11.30"]
[SourceQuality "1"]

1. e4 d6 2. Bc4 Nf6 3. Nc3 c6 4. d3 e5 5. Bg5 Be7 6. Nge2 b5 7. Bb3 a5 8. a3 Bg4 9. f3 Bh5 10. Ng3 Bg6 11. Qd2 Nbd7 12. 0-0 0-0 13. Nce2 h6 14. Be3 d5 15. exd5 cxd5 16. f4 d4 17. Bf2 exf4 18. Nxf4 Ne5 19. Rfe1 Nfg4 20. h3 Ne3 21. Bxe3 dxe3 22. Qxe3 Bf6 23. d4 Nc4 24. Qf3 Bxd4+ 25. Kh1 Qf6 26. Nxg6 Qxg6 27. Bxc4 bxc4 28. c3 Bf6 1/2-1/2

[Event "Vienna State-chC"]
[Site "Vienna"]
[Date "2022.09.22"]
[Round "6"]
[White "Lappe, Manfred"]
[Black "Schrimpf, Michael"]
[Result "1-0"]
[WhiteElo "1692"]
[BlackElo "1132"]
[PlyCount "55"]
[EventDate "2022.09.17"]
[EventType "swiss"]
[EventRounds "9"]
[EventCountry "AUT"]
[SourceTitle "CBM 210 Extra"]
[Source "ChessBase"]
[SourceDate "2022.11.30"]
[SourceVersion "1"]
[SourceVersionDate "2022.11.30"]
[SourceQuality "1"]

1. e4 d5 2. exd5 Nf6 3. c4 e6 4. dxe6 Bxe6 5. Nc3 Qe7 6. d4 Bxc4+ 7. Be2 Nc6 8. Be3 Bxe2 9. Ngxe2 0-0-0 10. 0-0 Ng4 11. Bf4 Qf6 12. d5 Nce5 13. h3 Nh6 14. Qd4 Nd7 15. Qxa7 Nb6 16. Ne4 Qg6 17. Rac1 Rd7 18. Bxc7 Rxc7 19. Rxc7+ Kxc7 20. Rc1+ Kd8 21. Qb8+ Ke7 22. d6+ Ke6 23. Nf4+ Kf5 24. Nxg6 Kxg6 25. Qxb7 Nd5 26. Qxd5 Nf5 27. g4 Nh4 28. Qg5# 1-0

[Event "Vienna State-chC"]
[Site "Vienna"]
[Date "2022.09.17"]
[Round "1"]
[White "Gockner, Hans"]
[Black "Lappe, Manfred"]
[Result "0-1"]
[WhiteElo "1592"]
[BlackElo "1692"]
[PlyCount "68"]
[EventDate "2022.09.17"]
[EventType "swiss"]
[EventRounds "9"]
[EventCountry "AUT"]
[SourceTitle "CBM 210 Extra"]
[Source "ChessBase"]
[SourceDate "2022.11.30"]
[SourceVersion "1"]
[SourceVersionDate "2022.11.30"]
[SourceQuality "1"]

1. e4 e5 2. d4 exd4 3. c3 d5 4. cxd4 dxe4 5. Bc4 Nc6 6. Ne2 Bd6 7. Qb3 Qf6 8. Be3 Nge7 9. Nbc3 Qg6 10. Ng3 Bxg3 11. fxg3 0-0 12. 0-0 Na5 13. Qb5 Nxc4 14. Qxc4 c6 15. Rf4 Be6 16. Qe2 Nd5 17. Nxd5 cxd5 18. g4 f5 19. g5 Rac8 20. h4 Rc7 21. Raf1 Rfc8 22. Qf2 Rc2 23. Qg3 Rxb2 24. h5 Qxh5 25. Rh4 Qg6 26. Bf4 Rcc2 27. Bd2 Qf7 28. Qh2 Rxd2 29. Qb8+ Qf8 30. Qxf8+ Kxf8 31. Rh2 Kg8 32. Rc1 Rxa2 33. Kf1 f4 34. g6 hxg6 0-1